| 000 | 00854nam a2200289 4500 | ||
|---|---|---|---|
| 999 |
_c20385 _d20385 |
||
| 001 | 1256121 | ||
| 003 | OSt | ||
| 005 | 20200608133556.0 | ||
| 008 | 731011s1973 enka b 001 0 eng | ||
| 010 | _a 73168544 | ||
| 015 | _aGB73-15148 | ||
| 020 | _a0571102271 | ||
| 040 |
_aDLC _coclc _dDLC |
||
| 050 | 0 | 0 |
_aJX1977 _b.E46 1973b |
| 082 | 0 | 0 |
_a341.23 _bELM/U |
| 100 |
_aElmandjra, Mahdi _d1933- _92632 |
||
| 245 | 1 | 4 |
_aThe United Nations system: _ban analysis / _cMahdi Elmandjra |
| 260 |
_aLondon, _bFaber, _c1973. |
||
| 300 | _a368 p. | ||
| 350 | _a£6.00 | ||
| 490 | 0 | _aStudies in international politics | |
| 500 | _aIncludes index. | ||
| 504 | _aBibliography: p. [344]-352. | ||
| 610 | 2 | 0 | _aUnited Nations. |
| 906 |
_a7 _bcbc _corignew _d3 _encip _f19 _gy-gencatlg |
||
| 942 |
_2ddc _cBK _h341.23 _iELM/U _k341.23 _mELM/U |
||